000 01559cad a22002535a 4500
001 L140836
008 071015s2007 xxk f 001 0 eng d
020 _a9780203001226
035 _a(Sirsi) u140836
041 0 _aeng
050 0 4 _a381.10941 $2 22
_a711.552 $2 18
100 1 _aClifford, Guy
245 0 0 _aPlanning for retail development
_ba critical view of the British experience
_h[electronic resource]
260 _aAbingdon
_bRoutledge
_c2007
350 _a79
505 2 _aEarly days: retail planning in the 1960s and 1970s -- A free for all? Retail planning 1980-90 -- Tightening up: retail planning since 1990 -- Demand, need and impact -- Innovation, productivity, competition and retail planning -- Sustainability, shopping travel and retail policy -- Social exclusion, access to shopping and retail policy -- Urban regeneration and retail policy -- An evaluation of retail planning policy
520 _aProvides a critical history of the development of retail planning policy in Great Britain. Evaluates retail policy in terms of consistency, effectiveness, and its impact upon retailer, consumer and town planning interests. Links developments in retail planning policy to government objectives and looks at the future path of the retail planning system.
521 2 _aAdvanced
650 2 4 _aEBOOK
651 4 _aGreat Britain
_y1707-
690 _aENVIRONMENTAL AND LAND CONSULTANCY-PLANNING AND DEVELOPMENT
856 4 8 _uhttps://www.vlebooks.com/
_zView on VLEbooks. Logins for members only from [email protected]
942 _n0
999 _c107547
_d107547